Pedagogické poznatky z výučby finančnej analýzy a finančného plánovania

Pedagogické skúsenosti s vyučovaním predmetu Finančná analýza a finančné plánovanie na Fakulte podnikového manažmentu Ekonomickej univerzity v Bratislave. Zaradenie predmetu vo výučbe. Rozsah a hodnota predmetu. Metódy a spôsob výučby. Obsah predmetu. Hodnotenie dosiahnutých výsledkov. Výsledky a od...

Description complète

Enregistré dans:
Détails bibliographiques
Auteur principal: Hyránek, Eduard, 1955-
Format: Chapitre de livre
Langue:slovaque
Sujets:
Tags: Ajouter un tag
Pas de tags, Soyez le premier à ajouter un tag!

MARC

LEADER 00000naa$a2200000$$$4500
001 0054678
005 20240502071628.7
041 0 |a slo 
044 |a SK 
245 1 0 |a Pedagogické poznatky z výučby finančnej analýzy a finančného plánovania  |c Eduard Hyránek 
520 |a Pedagogické skúsenosti s vyučovaním predmetu Finančná analýza a finančné plánovanie na Fakulte podnikového manažmentu Ekonomickej univerzity v Bratislave. Zaradenie predmetu vo výučbe. Rozsah a hodnota predmetu. Metódy a spôsob výučby. Obsah predmetu. Hodnotenie dosiahnutých výsledkov. Výsledky a odporúčania. 
610 2 0 |a vzdelávanie 
610 2 0 |a školy vysoké 
610 2 0 |a univerzity 
610 2 0 |a štúdium inžinierske 
610 2 0 |a odbory študijné 
610 2 0 |a manažment finančný 
610 2 0 |a plánovanie finančné 
610 2 0 |a analýza ekonomická 
610 2 0 |a analýza finančná 
100 1 |a Hyránek, Eduard, 1955-